Męskie postacie z anime z białymi włosami - Statystyki

Ogólne statystyki
  • Ten quiz został rozwiązany 259 razy
  • Średni wynik to 3 z 15
Statystyki odpowiedzi
Hint Odpowiedź % Poprawnych
G Gojo
70%
K Kaneki
60%
K Killua
56%
K Kakashi
49%
A Asta
17%
J Jiraiya
15%
G Gintoki
14%
N Near
11%
D Decim
9%
I Inumaki
6%
Z Zero
6%
A Allen
4%
A Accelerator
3%
A Archer
3%
J Juuzou
2%
Nie znaleziono quizów pasujących do podanych kryteriów
Rozkład punktacji
Procent ludzi z każdym wynikiem
Percentyl według liczby udzielonych odpowiedzi
Twoja historia wyników
Nie rozwiązałeś tego quizu